|
|
|
|
| LEADER |
01166nam a2200265 a 4500 |
| 001 |
2993940 |
| 005 |
19930806075146.4 |
| 008 |
090513s1986 ph b 100 0 eng d |
| 010 |
|
|
|a \\\92944657
|
| 040 |
|
|
|a DLC
|c DLC
|
| 082 |
0 |
0 |
|a 630.9
|2 19
|
| 245 |
0 |
0 |
|a Irrigation service fees /
|c Asian Development Bank, International Irrigation Management Institute.
|
| 260 |
|
|
|a Manila, Philippines :
|b The Bank,
|c 1986.
|
| 300 |
|
|
|a xvi, 114 p. ;
|c 23 cm.
|
| 500 |
|
|
|a "Proceedings of the Regional Seminar on Irrigation Service Fees, Manila, 21-25 July 1986"--Cover.
|
| 504 |
|
|
|a Includes bibliographical references.
|
| 541 |
1 |
|
|e 00003243
|
| 650 |
|
0 |
|a Irrigation
|x Costs
|x Congresses.
|
| 650 |
|
0 |
|a Irrigation
|x Finance
|x Congresses.
|
| 710 |
2 |
|
|a Asian Development Bank.
|
| 710 |
2 |
|
|a International Irrigation Management Institute.
|
| 711 |
2 |
|
|a Regional Seminar on Irrigation Service Fees
|d (1986 :
|c Manila, Philippines)
|
| 852 |
4 |
|
|a Ayesha Abed Library
|j General Shelf.
|
| 999 |
|
|
|c 8880
|d 8880
|
| 952 |
|
|
|0 0
|1 0
|2 ddc
|4 0
|6 630_900000000000000_IRR_1986
|7 0
|9 10837
|a BRACUL
|b BRACUL
|c GEN
|d 2010-06-10
|g 0.00
|l 0
|o 630.9 IRR
|p 3010003243
|r 2010-06-10
|t 1
|w 2010-06-10
|y BK
|z Not price in Register
|